Iran vs Iraq Ultimate Quiz - Statistics

General Stats
  • This quiz has been taken 29 times
  • The average score is 23 of 40
Answer Stats
Question Answer % Correct
Is bigger Iran
96%
Speaks Arabic mainly Iraq
93%
Speaks Farsi mainly Iran
89%
Was ruled by Saddam Hussein Iraq
89%
Has mostly Muslims Both
85%
Is in the Middle East Both
85%
Is more populated Iran
85%
Has the longest coastline Iran
85%
Borders Saudi Arabia Iraq
85%
Has the capital Muscat Neither
85%
Borders Kuwait Iraq
81%
Mainly exports oil Both
74%
Borders the Caspian sea Iran
74%
Started the Iran Iraq war Iraq
74%
Borders Egypt Neither
74%
Invented Zoroastrianism Iran
70%
Has three times the amount of Azeris than Azerbaijan itself Iran
70%
Is landlocked Neither
67%
Borders Turkey Both
63%
Has an international body of water after it Iran
63%
Is more densely populated Iraq
63%
Was part of the Ottoman Empire Iraq
59%
Created its own official language Iran
56%
Was ruled by King Cyrus Iran
56%
Had the most empires Iran
52%
Is part of OPEC Both
44%
Was part of the Abbasid Caliphate Both
44%
Is officially Democratic Iraq
44%
Eat a lot of kebab Both
41%
Was once colonized Iraq
41%
Has mostly Sunnis Neither
41%
Is older Iran
33%
Has the weaker currency Iran
33%
Got military aid during the Iran Iraq war from the US Both
30%
Borders the Arabian Sea Neither
30%
Was at least a little bit part of the USSR Neither
30%
Was part of the Assyrian Empire Both
19%
Was once a US puppet state Both
15%
Has mostly Shias Iraq
11%
Attacked Kuwait and failed Iran
4%
No matching quizzes found
Score Distribution
Percent of People with Each Score
Percentile by Number Answered
Your Score History
You have not taken this quiz